Finaliste de la Champions Cup - Statistiques

Statistiques générales
  • Ce quiz a été pris 15 fois
  • Le résultat moyen est 9 sur 16
Statistiques - réponses
Finales perdues Clubs Pays % Correct
4 Leinster Irlande
100%
3 Racing 92 France
86%
3 ASM Clermont France
79%
1 CA Brive France
79%
2 Munster Irlande
79%
2 Stade toulousain France
64%
1 Saracens Angleterre
57%
1 Ulster Irlande
57%
1 USA Perpignan France
57%
1 Stade rochelais France
50%
2 Biarritz olympique France
36%
3 Leicester Tigers Angleterre
29%
2 Northampton Saints Angleterre
29%
1 Cardiff Rugby Pays de Galles
21%
2 Stade français Paris France
21%
1 US Colomiers France
7%
Aucun quiz correspondant
Distribution des résultats
% des personnes avec chaque résultat
Percentile par nombre de réponses
Votre historique - résultats
Vous n’avez pas pris ce quiz